Sports Quiz

Random Sports or World Quiz

Track & Field World Records Quiz Stats

 Plays Quiz not verified by Sporcle

Challenge
Share
Tweet
Embed
Score 0/23 Timer 09:00
0 Plays Today
Event Record % Correct
100m9.58 seconds
93.8%
200m19.19 seconds
88.8%
400m43.18 seconds
62.9%
1 Mile3:43 minutes
49.4%
1500m3:26 minutes
48.3%
110m Hurdles12.87 seconds
43.8%
High Jump2.45 meters
43.3%
Long Jump8.95 meters
43.3%
800m 1:41.11 minutes
42.1%
Pole Vault6.14 meters
37.6%
Triple Jump18.29 meters
37.1%
400m Hurdles46.78 seconds
27.5%
Event Record % Correct
4x100m Relay37.10 seconds
23.6%
Shot Put23.12 meters
21.9%
Decathlon9026 points
20.8%
Javelin (current design)98.48 meters
20.2%
5000m 12:37.35 minutes
14.6%
3000m7:20.67 minutes
13.5%
3000m Steeplechase7:53.63 minutes
10.7%
Discus Throw74.08 meters
10.7%
Hammer Throw86.74 meters
9%
4x400m Relay2:54.29 minutes
9%
4x800m Relay7:02.43
4.5%

You're not logged in!

Compare scores with friends on all Sporcle quizzes.
OR
Log In

You Might Also Like...

Show Comments

Extras

Top Quizzes Today


Score Distribution

Your Account Isn't Verified!

In order to create a playlist on Sporcle, you need to verify the email address you used during registration. Go to your Sporcle Settings to finish the process.

Report this User

Report this user for behavior that violates our Community Guidelines.

Details: